Southville International School and Colleges
Your cart is empty.
  • Cart
  • Lists
    Public lists Eva Luna New books Lux_list list_1
    Your lists Log in to create your own lists
  • Log in to your account
  • Your cookies
  • Search history
Southville International School and Colleges
  • Advanced search
  • Recent comments
  • Most popular
  • Libraries

Log in to your account

Log in with GOOGLE


If you do not have an external account, but do have a local account, you can still log in:

  1. Home
  2. MARC view: My big book of learning /
Normal view MARC view ISBD view

My big book of learning / (Record no. 104191)

[ view plain ]
MARC details
000 -LEADER
fixed length control field 00504nam a2200169 a 4500
005 - DATE AND TIME OF LATEST TRANSACTION
control field 20140412111315.0
008 - FIXED-LENGTH DATA ELEMENTS--GENERAL INFORMATION
fixed length control field 010416s19uu xx 00 eng d
020 ## - INTERNATIONAL STANDARD BOOK NUMBER
International Standard Book Number 0-86227-921-6
050 ## - LIBRARY OF CONGRESS CALL NUMBER
Classification number M 423.1
Item number B692 1992
100 ## - MAIN ENTRY--PERSONAL NAME
Personal name McKie, Anne
245 ## - TITLE STATEMENT
Title My big book of learning /
Statement of responsibility, etc written by Anne McKie; illustrated by Ken McKie.
260 ## - PUBLICATION, DISTRIBUTION, ETC. (IMPRINT)
Place of publication, distribution, etc London :
Name of publisher, distributor, etc Grandreams Ltd,
Date of publication, distribution, etc 1991.
300 ## - PHYSICAL DESCRIPTION
Extent 1 v. (unp.) ; ill.
650 ## - SUBJECT ADDED ENTRY--TOPICAL TERM
Topical term or geographic name as entry element Alphabets (Preschool)
650 ## - SUBJECT ADDED ENTRY--TOPICAL TERM
Topical term or geographic name as entry element Numbers (Preschool)
Holdings
Withdrawn status Lost status Damaged status Use restrictions Home library Current library Shelving location Date acquired Source of acquisition Total Checkouts Full call number Barcode Date last seen Price effective from Koha item type
        Elizalde Library Elizalde Library Main Section 04/16/2001     M 423.1 B692 1992 E6939 04/12/2014 04/12/2014 Books

My big book of learning /

APA

McKie A., . (1991). My big book of learning. London: Grandreams Ltd.

Chicago

McKie Anne, . 1991. My big book of learning. London: Grandreams Ltd.

Harvard

McKie A., . (1991). My big book of learning. London: Grandreams Ltd.

MLA

McKie Anne, . My big book of learning. London: Grandreams Ltd. 1991.

  • Place hold
  • Print
  • Cite
  • Add to your cart (remove)
  • Save record
    BIBTEX Dublin Core MARCXML MARC (non-Unicode/MARC-8) MARC (Unicode/UTF-8) MARC (Unicode/UTF-8, Standard) MODS (XML) RIS
  • More searches
    Search for this title in:
    Other Libraries (WorldCat) Other Databases (Google Scholar) Online Stores (Bookfinder.com) Open Library (openlibrary.org)

Exporting to Dublin Core...

SOUTHVILLE LIBRARY

Southville International School and Colleges Library

1281 Tropical Ave. Cor. Luxembourg St., BF Homes International, Las Pinas City

Tel. No. 8256374 / 252358 Loc. 117/146

Powered by Koha